身長2m超えの現役選手(2026) - Statistics

General Stats
  • This quiz has been taken 18 times
  • The average score is 6 of 10
Answer Stats
身長 現所属 ポジション 選手名 % Correct
201 ソフトバンク 内野手 秋広優人
94%
213 オリックス 投手 ジェリー
71%
201 中日 投手 マラー
71%
203 楽天 外野手 マッカスカー
65%
203 DeNA 投手 レイノルズ
59%
201 巨人 投手 ウィットリー
59%
203 阪神 投手 ラグズデール
47%
201 西武 投手 ウィンゲンター
47%
200 広島 投手 菊地ハルン
47%
200 巨人 外野手 フェリス
24%
No matching quizzes found
Score Distribution
Percent of People with Each Score
Percentile by Number Answered
Your Score History
You have not taken this quiz